Yakındönem tarihimizde Rodos ve Oniki Ada (Record no. 12111)

000 -LEADER
fixed length control field 00978nmm a2200277 a 4500
001 - CONTROL NUMBER
control field ocm000703572
003 - CONTROL NUMBER IDENTIFIER
control field TR-IsHL
005 - DATE AND TIME OF LATEST TRANSACTION
control field 20201028153546.0
008 - FIXED-LENGTH DATA ELEMENTS--GENERAL INFORMATION
fixed length control field 140402s2006 tu tur
007 - PHYSICAL DESCRIPTION FIXED FIELD--GENERAL INFORMATION
fixed length control field cr cn
035 ## - SYSTEM CONTROL NUMBER
System control number 703572
-- (N$T)
050 04 - LIBRARY OF CONGRESS CALL NUMBER
Classification number DF895
Item number .O74 2006
090 04 - LOCALLY ASSIGNED LC-TYPE CALL NUMBER (OCLC); LOCAL CALL NUMBER (RLIN)
Classification number (OCLC) (R) ; Classification number, CALL (RLIN) (NR) DF895
Local cutter number (OCLC) ; Book number/undivided call number, CALL (RLIN) .O74 2006
100 1# - MAIN ENTRY--PERSONAL NAME
Personal name Ali, Örenç Fuat
245 10 - TITLE STATEMENT
Title Yakındönem tarihimizde Rodos ve Oniki Ada
Medium [electronic resource] /
Statement of responsibility, etc. Örenç Fuat Ali
260 ## - PUBLICATION, DISTRIBUTION, ETC.
Place of publication, distribution, etc. İstanbul :
Name of publisher, distributor, etc. Doğu Kütüphanesi Yayınları,
Date of publication, distribution, etc. 2006
300 ## - PHYSICAL DESCRIPTION
Extent 608 p.
650 #4 - SUBJECT ADDED ENTRY--TOPICAL TERM
Topical term or geographic name entry element Tarih
650 #4 - SUBJECT ADDED ENTRY--TOPICAL TERM
Topical term or geographic name entry element History
650 #0 - SUBJECT ADDED ENTRY--TOPICAL TERM
Topical term or geographic name entry element Oniki Ada (Yunanistan)
General subdivision 19. Yüzyıl.
650 #0 - SUBJECT ADDED ENTRY--TOPICAL TERM
Topical term or geographic name entry element Dodekanesos (Greece)
General subdivision 19th century
650 #0 - SUBJECT ADDED ENTRY--TOPICAL TERM
Topical term or geographic name entry element Oniki Ada (Yunanistan)
General subdivision 20. Yüzyıl
650 #0 - SUBJECT ADDED ENTRY--TOPICAL TERM
Topical term or geographic name entry element Dodekanesos (Greece)
General subdivision 20th century
650 #7 - SUBJECT ADDED ENTRY--TOPICAL TERM
Topical term or geographic name entry element HISTORY / Europe / Greece (see also Ancient / Greece)
Source of heading or term bisacsh
856 40 - ELECTRONIC LOCATION AND ACCESS
Uniform Resource Identifier <a href="http://search.ebscohost.com/login.aspx?direct=true&scope=site&db=e011xww&AN=703572">http://search.ebscohost.com/login.aspx?direct=true&scope=site&db=e011xww&AN=703572</a>
Holdings
Withdrawn status Lost status Source of classification or shelving scheme Damaged status Not for loan Collection code Permanent Location Current Location Date acquired Total Checkouts Full call number Barcode Date last seen Price effective from Koha item type
        Online   Kıbrıs Amerikan Üniversitesi Kütüphanesi / American University of Cyprus Kıbrıs Amerikan Üniversitesi Kütüphanesi / American University of Cyprus 28.10.2020   DF895 .O74 2006 703572 28.10.2020 28.10.2020 E-Kitap
Devinim Yazılım Eğitim Danışmanlık tarafından Koha'nın orjinal sürümü uyarlanarak geliştirilip kurulmuştur.